Jicaral

Kaydedildi:
Detaylı Bibliyografya
Yazar: Pérez Cadalso, Eliseo
Materyal Türü: Kitap
Dil:Undetermined
Baskı/Yayın Bilgisi: Bogotá, Colombia Ediciones Espiral 1947
Konular:
Etiketler: Etiketle
Etiket eklenmemiş, İlk siz ekleyin!

MARC

LEADER 00000nam a2200000Ia 4500
008 170316s9999 xx 000 0 und d
040 |a cru BVZT 
090 |a 860 P-23j 
100 |a Pérez Cadalso, Eliseo 
245 |a Jicaral 
260 |a Bogotá, Colombia  |b Ediciones Espiral  |c 1947 
300 |a 29 páginas 
650 |a LITERATURA LATINOAMERICANA 
999 |c 9085  |d 9085 
942 |c 15 D  |h 860 P-23j  |2 z